000 00324 a2200157 4500
001 192170
020 _a85-00-68593-X
040 _cMagnum
100 _aMendes, Sulema
240 1 0 _aMarina Marina
_lpor
245 1 0 _aMarina Marina
362 0 _a1978
440 1 _aEdiouro
697 _aLITERATURA JUVENIL
942 _cBK
999 _c192170
_d192170